| 000 | 01109nam a22002417a 4500 | ||
|---|---|---|---|
| 999 |
_c8759 _d8759 |
||
| 003 | AR-CdUCM | ||
| 008 | 190325b ||||| |||| 00| 0 spa d | ||
| 040 |
_aMUNICIPALIDAD PROVINCIAL DEL CUSCO _cBIBLIOTECA MUNICIPAL DEL CUSCO |
||
| 082 |
_a985.019 / _bB28 |
||
| 100 |
_aBauer, Brian S. _93012 |
||
| 245 | _aAvances en arqueología andina / | ||
| 260 |
_aCusco : _bCentro de Estudios Regionales Andinos Bartolomé de las Casas, _c1992. |
||
| 300 |
_a144 páginas ; _bilustraciones, figuras, _c24 cm. |
||
| 440 |
_aArchivo de Historia Andina. _n16 _924435 |
||
| 505 | _aContenido: Caminos rituales de los Incas -- Pacariqtambo y el origen mítico de los Incas -- Investigaciones Arqueológicas recientes en los asientos de Maukllaqta y Puma Orqo, Departamento del Cusco, Perú -- Cerámicos Killke y relacionados con Killke procedentes del Cusco. | ||
| 650 |
_aArquitectura inca _924436 |
||
| 650 |
_aCerámicos Indígenas _924437 |
||
| 650 |
_aPerú _935 |
||
| 650 |
_aÉpoca Prehispánica - Incas _924438 |
||
| 700 |
_aFlores Espinoza, Javier (traducción) _924439 |
||
| 942 |
_2ddc _cLIBROS |
||
| 945 | _aachl | ||